00000000nam 2200000zi 4500
0019.946731
003CaOODSP
00520250110144040
006m     o  d f      
007cr bn|||||||||
008250110s1975    nscb    o    f000 0 eng d
040 |aCaOODSP|beng|erda|cCaOODSP
043 |an-cnm--|an-cn-nf
0861 |aEn57-53/2-75E-PDF
1001 |aGates, A. D., |eauthor.
24510|aAgriculture & forestry in the Atlantic provinces / |cby A.D. Gates and B.T. Goldrup.
2463 |aAgriculture and forestry in the Atlantic provinces
264 1|aBedford, N.S. : |bScientific Services Unit, Atmospheric Environment Service, Atlantic Region, |c[1975]
300 |a1 online resource (20 pages) : |bmaps.
336 |atext|btxt|2rdacontent
337 |acomputer|bc|2rdamedia
338 |aonline resource|bcr|2rdacarrier
4901 |aMAES ; |v2-75
500 |aDigitized edition from print [produced by Environment and Climate Change Canada].
520 |a"Agriculture occupies a significant position in the economy of the three Maritime Provinces. Prince Edward Island is intensively farmed and there are large sections of Nova Scotia and New Brunswick where agriculture is a major contribution to the local economy"--Page [1].
650 0|aForests and forestry|zMaritimes Provinces.
650 0|aAgriculture|xClimatic factors|zAtlantic Provinces.
650 6|aForesterie|zProvinces maritimes.
650 6|aAgriculture|xFacteurs climatiques|zProvinces de l'Atlantique.
7101 |aCanada. |bAtmospheric Environment Service. |bAtlantic Region, |eissuing body.
830#0|aMAES ;|v2-75.|w(CaOODSP)9.920183
85640|qPDF|s2651 KB|uhttps://publications.gc.ca/collections/collection_2025/eccc/en57/En57-53-2-75-eng.pdf